Datum a čas kvízu
32
Celkem bodů
Celkový počet nahraných bodů na tomto kvízu bez doplňovacích otázek.
4.
Pořadí na kvízu
Konečné umístění týmu na tomto kvízu.
Zaznamenané odpovědi
| # | Otázka | Odpověď | Body | Výsledky |
|---|---|---|---|---|
| 1. | Ve Všetatech na Mělnicku byl v... | Jan Palach | 1 | |
| 2. | Nobelovu cenu míru získal muž... | Etiopie, premiér | 1 | |
| 3. | Známá australská zpěvačka se m... | Natalie Imbruglia | 1 | |
| 4. | Provozovatelé pražských prodej... | Botas | 1 | |
| 5. | Kvalifikační zápas na fotbalov... | na stadion mohly ženy | 0 | |
| 6. | Téma o Brazílii zvítězilo ve f... | pátou a pátou | 1 | |
| 7. | Pokud bychom chtěli v říjnu 20... | v Curychu | 0 | |
| 8. | Tento světově proslulý brazils... | Oscar Niemeyer | 0 | |
| 9. | Typické brazilské jídlo se jme... | fazole | 1 | |
| 10. | Co se týče slavných osobností,... | Adriana Lima | 1 |